000 00777nab a2200241 u 4500
001 10356
003 HDC
007 cr bn ---aaaaa
008 210204c20141111 |r|nos 0 a eng d
040 _aHDC
110 _aDaily Express
245 0 _aM'sia develops world's first Halal 'CSI' unit
260 _a[no place] :
_b[publisher not identified],
_c2014
336 _atext
_2rdacontent
337 _acomputer
_2rdamedia
338 _aonline resource
_2rdacarrier
650 _aHalal 'CSI' unit
_910597
650 _ahalal issue
_95245
856 _zRequest full-text at [email protected]
942 _2lcc
942 _cNEWS
942 _kNWSO 000174
999 _c7679
_d7679